Vida y hazañas de la Monja Alférez : novela histórica americana /

Catalina de Erauso (1592-1650) Llamada la Monja Alférez, nació en San Sebastián, Guipúzcoa, España. Novicia fugitiva de un convento, se viste de hombre y sirve de criado o paje en Vitoria y Valladolid, embarcada para América, es encarcelada en el Perú por la cuchillada que dio a un hombre, sienta en...

Celý popis

Uloženo v:
Podrobná bibliografie
Hlavní autor: Rodríguez, Luis Angel (autor)
Médium: Kniha
Jazyk:španělština
Vydáno: México : Nucamendi, 1937, c1937
Témata:
Tagy: Přidat tag
Žádné tagy, Buďte první, kdo vytvoří štítek k tomuto záznamu!

MARC

LEADER 00000nam^a2200000^a^4500
001 000581681
005 20250526000000.0
009 20260310132614.911
037 |a Acervo Xavier Clavigero 
041 |a ESP 
082 |a 863.  |b ROD 
100 |a Rodríguez, Luis Angel  |e (autor) 
240 1 4 |a [La Monja Alférez: novela histórica americana] 
245 1 0 |a Vida y hazañas de la Monja Alférez :  |b novela histórica americana /  |c L.A. Rodríguez. 
246 2 |a Título en la cubierta: La Monja Alférez: novela histórica americana 
264 4 |a México :  |b Nucamendi,  |c 1937, c1937 
300 |a 196 p., [1 lámina] ;  |c 17.5 cm. 
336 |a texto  |b txt  |2 rdacontenido 
337 |a sin mediación  |b n  |2 rdamedio 
338 |a volumen  |b nc  |2 rdasoporte 
520 |a Catalina de Erauso (1592-1650) Llamada la Monja Alférez, nació en San Sebastián, Guipúzcoa, España. Novicia fugitiva de un convento, se viste de hombre y sirve de criado o paje en Vitoria y Valladolid, embarcada para América, es encarcelada en el Perú por la cuchillada que dio a un hombre, sienta en Chile plaza de soldado y por sus hazañas es ascendida a alférez. Sentenciada a muerte por homicidios, escapa a España, donde hace valer sus servicios al rey y obtiene una pensión de 500 pesos anuales pagaderos en las Cajas Reales de Manila, México o Perú. Prefiere venir a México y trajinando con una recua en el camino de Veracruz, muere en Cuitlaxtla, cerca de Orizaba. En esta obra, Luis Angel Rodríguez narra, a manera de novela, las andanzas de esta mujer española de tiempos de la colonia. 
649 |a XX 
650 |a Religiosos Españoles -  |x Biografías 
650 |a Militares Españoles -  |x Biografías 
650 |a Travestis Españoles -  |x Biografías 
650 |a Mujeres Españolas -  |x Biografías 
650 |a Novela Histórica -  |z México 
650 |a Novela Mexicana 
650 |a Literatura e Historia -  |z México 
650 |a Literatura Gay y Lésbica -  |z México 
650 |a Literatura Mexicana -  |y Siglo XX 
650 |a América del Sur -  |x Historia -  |y Siglo XVII 
650 |a América del Sur -  |x Historia -  |y Epoca Colonial 
650 |a México -  |x Historia -  |y Siglo XVII 
650 |a México -  |x Historia -  |y Virreinato, 1535-1821 
650 |a México -  |x Historia -  |y Epoca Colonial, 1517-1821 
650 |a América -  |x Historia -  |y Siglo XVII -  |x Tema Principal 
650 |a América -  |x Historia -  |y Epoca Colonial 
650 |a España -  |x Historia -  |y Felipe III, 1598-1621 
650 |a España -  |x Historia -  |y Felipe IV, 1621-1665 
650 |a España -  |x Historia -  |y Siglo XVII 
650 |a España -  |x Historia -  |y Casa de Austria, 1516-1700 
650 |a Monja Alférez -  |x Tema Principal 
910 |a Fondo General 
920 |a Impresos - Libros 
930 |a Libros Antiguos y Raros 
940 |a Literatura 
905 |a 108 
901 |a 054669  |b IT2  |c LRA  |i 054669  |u 20250526 
902 |a https://opac.biblio.iteso.mx/vufind/Record/000581681